000
00326nam a2200133Ia 4500
008
191201s2009 xx 000 0 und d
082
_a
621.38
_b
TOE
100
_a
TOMASI, Wayne
245
0
_a
Electronic Communications Systems
260
_a
N.Delhi
_b
Pearson
_c
2009
300
_a
1115
650
_a
B.Tech(ECE)
942
_2
ddc
_c
BK
999
_c
3569
_d
3569